Harvard Business Review Effective Communication (Record no. 4575)

MARC details
000 -LEADER
fixed length control field 00366nam a22001577a 4500
005 - DATE AND TIME OF LATEST TRANSACTION
control field 20160629093955.0
008 - FIXED-LENGTH DATA ELEMENTS--GENERAL INFORMATION
fixed length control field 160629b xxu||||| |||| 00| 0 eng d
020 ## - INTERNATIONAL STANDARD BOOK NUMBER
ISBN 0-07-025299-6
041 ## - LANGUAGE CODE
Language code of text/sound track or separate title eng
082 ## - DEWEY DECIMAL CLASSIFICATION NUMBER
Item number 10797
245 ## - TITLE STATEMENT
Title Harvard Business Review Effective Communication
260 ## - PUBLICATION, DISTRIBUTION, ETC. (IMPRINT)
Name of publisher Harvard
300 ## - PHYSICAL DESCRIPTION
Number of Pages 260
650 ## - SUBJECT ADDED ENTRY--TOPICAL TERM
Topical Term Management
942 ## - ADDED ENTRY ELEMENTS (KOHA)
Koha item type Books
Holdings
Lost status Damaged status Collection code Home library Current library Shelving location Date acquired Full call number Accession Number Koha item type
    LIFE SKILL JRU Library JRU Library SHELF-102-H 29/06/2016 650.14 10797 Books